Educación popular en América Latina : (Record no. 108355)

MARC details
000 -CABECERA
campo de control de longitud fija 00581nam a2200193 a 4500
005 - FECHA Y HORA DE LA ÚLTIMA TRANSACCIÓN
campo de control 20240924064437.0
008 - ELEMENTOS DE LONGITUD FIJA--INFORMACIÓN GENERAL
campo de control de longitud fija 041105s1988 mx r 000 0 spa d
020 ## - NÚMERO INTERNACIONAL NORMALIZADO PARA LIBROS
Número Internacional Estándar del Libro 9064436215
035 ## - NÚMERO DE CONTROL DEL SISTEMA
Número de control de sistema UPN01000136204
049 ## - COLECCIÓN
Colección CG
050 #4 - SIGNATURA TOPOGRÁFICA DE LA BIBLIOTECA DEL CONGRESO
Número de clasificación LC196.5 A4.4
Número de documento/Ítem E3.8
245 00 - MENCIÓN DE TÍTULO
Título Educación popular en América Latina :
Resto del título la teoría en la práctica /
Mención de responsabilidad, etc. comp. Anke van Dam.
260 ## - PUBLICACIÓN, DISTRIBUCIÓN, ETC.
Lugar de publicación, distribución, etc. La Haya, Hol. :
Nombre del editor, distribuidor, etc. CESO,
Fecha de publicación, distribución, etc. 1988.
300 ## - DESCRIPCIÓN FÍSICA
Extensión 268 p.
440 #0 - MENCIÓN DE SERIE/ASIENTO SECUNDARIO--TÍTULO
Título CESO paperback ;
Designación de volumen o secuencia 4
650 #4 - ASIENTO SECUNDARIO DE MATERIA - TERMINO TEMATICO
Término de materia o nombre geográfico como elemento de entrada Educación popular
Subdivisión geográfica América Latina
9 (RLIN) 5199
700 1# - ASIENTO SECUNDARIO--NOMBRE DE PERSONAL
Nombre de persona Dam, Anke van,
Término indicativo de función/relación comp.
905 ## - TIPO DE MATERIAL
Tipo de material Libro
Holdings
Estado de retiro Estado de pérdida Fuente del sistema de clasificación o colocación Estado dañado No para préstamo Código de colección Localización permanente Ubicación/localización actual Ubicación en estantería Total de préstamos Clasificación Código de barras Fecha visto por última vez Número de copia Tipo de ítem Koha Fecha de adquisición Renovaciones totales Fecha del último préstamo
    Library of Congress Classification     Colección General Bib. Gregorio Torres Quintero Bib. Gregorio Torres Quintero Planta baja 10 LC196.5 A4.4 E3.8 206989 31/12/2020 1 Libro      
    Library of Congress Classification     Colección General Bib. Gregorio Torres Quintero Bib. Gregorio Torres Quintero Planta baja 2 LC196.5 A4.4 E3.8 327103 16/05/2023 1 Libro 16/03/2023 3 31/03/2023